000 01093nam2a22002411 4500
001 rc\278856
005 20250612172117.0
010 _a5-368-00950-X
_9500000
035 _a(NLR Aleph) 008749751
090 _a9563889
_c9563889
100 _a20030307d1990 |||y0rusy50 ca
101 0 _arus
102 _aRU
105 _aa |||||||||
200 0 _a[Т.] 2
_fПер. с англ. Т. Кудрявцевой
210 _d1990
_aБ. м.
215 _a605, [2] с.
_cил.
461 0 _1001rc\278854
_12001#$aУнесенные ветром$eРоман$e[В 2 т.]$fМаргарет Митчелл$gПер. с англ. Т. Озерской$g[Вступ. ст. П. Палиевского$gХудож. С. Майоров]$v[Т.] 2
_1700#1$aМитчелл$bМ.$gМаргарет$f1900-1949
_97940207
_aМитчелл, М. (1900-1949)
_cКишинев
_d1990-
_fМаргарет Митчелл
_nЛит. артистикэ
_oРоман : [В 2 т.]
_tУнесенные ветром
_v[Т.] 2
801 0 _aRU
_bNLR
_gpsbo
801 1 _aRU
_bELAR
_2rusmarc
852 _aNLR
_j90-3/1204
942 _cBOOK
980 _aNB